[Event "Hessen-ch qual-E"]
[Site "Erlensee"]
[Date "2007.04.06"]
[Round "4"]
[White "Bauer, Alfred"]
[Black "Kuebler, Tobias"]
[Result "1-0"]
[WhiteElo "1466"]
[BlackElo "1457"]
[PlyCount "85"]
[EventDate "2007.04.06"]
[EventType "swiss"]
[EventRounds "5"]
[EventCountry "GER"]
[SourceTitle "CBM 117 Extra"]
[Source "ChessBase"]
[SourceDate "2007.05.09"]
[SourceVersion "1"]
[SourceVersionDate "2007.05.09"]
[SourceQuality "1"]

1. e4 e5 2. Nf3 Nc6 3. c3 Nf6 4. d4 d6 5. Bg5 Be7 6. Nbd2 h6 7. Bh4 Bd7 8. Be2 g5 9. Bg3 g4 10. d5 gxf3 11. dxc6 fxe2 12. cxd7+ Qxd7 13. Qxe2 0-0-0 14. 0-0-0 Nh7 15. h4 Kb8 16. Qc4 f5 17. exf5 Qxf5 18. Nb3 Qc8 19. Na5 Ka8 20. Qb3 Rhg8 21. Rhe1 Nf6 22. Re3 c6 23. Nc4 Nd5 24. Ree1 Qc7 25. Na3 Qb6 26. Qa4 Qc5 27. Re4 b5 28. Qa6 Rb8 29. Nc2 Rb6 30. Qa3 Qxa3 31. Nxa3 Nf6 32. Re3 Rg4 33. Nc2 b4 34. Nxb4 a5 35. Nc2 Nh5 36. Rf3 Nf4 37. Ne3 Ne2+ 38. Kc2 Ra4 39. Rf7 Rxa2 40. Rxe7 Raxb2+ 41. Kd3 Nxc3 42. Kxc3 d5 43. Bxe5 1-0